000 01127nam a2200313 a 4500
001 38764
003 BD-RjUL
005 20211209052845.0
008 160222s1987 bg b 001 0 eng
035 _a(BD-RjUL)38873
040 _aDLC
_cDLC
_dDLC
_dBD-RjUL
_beng
041 _aeng
082 0 0 _a370.95492
_219
_bREP 1987
245 0 0 _aReports on Islamic education and Madrasah education in Bengal, 1861-1977 /
_ccompilation and annotation, Sekandar Ali Ibrahimy.
_nVol. 4
250 _a1st ed.
260 _aDhaka :
_bIslamic Foundation Bangladesh,
_c1987
300 _av. ;
_c22 cm.
504 _aIncludes bibliographical references and index.
505 _aVol. 4 --
650 0 _aEducation
_zBangladesh
_zHistory
_9119571
650 0 _aIslamic education
_zBangladesh.
_9119572
650 0 _aIslamic education
_zIndia
_zBengal
_xHistory.
_9119573
650 0 _aEducation
_zIndia
_xHistory.
_9119574
700 1 _aIbrahimy, Sekandar Ali.
_9119575
710 2 _aIslamic Foundation Bangladesh)
_9119576
740 0 _aIslamic education and Madrasah education in Bengal.
942 _2ddc
_cBK
_01
999 _c38764
_d38764